00218nam a2200085 4500082001600000245005700016260002600073300000700099650002600106 a574.192 IND aSeminar on Industrial Applications of Biotechnology  aColombobICHEMCc2007 a38 a Biotechnology a2007